000 00639nam a2200181Ia 4500
008 090124s9999 xx 000 0 und d
082 _b124826
100 _aतेंडुलकर प्रिया
245 _a जन्मलेल्या प्रत्येकाला
250 _a1
260 _c1991
300 _a172
600 _aतेंडुलकर प्रिया
630 _a जन्मलेल्या प्रत्येकाला
700 _aतेंडुलकर प्रिया
730 _a जन्मलेल्या प्रत्येकाला
942 _cBOOK
999 _c170913
_d170913